Responses for show #5991 - Monday, October 4, 2010

Contestants

[<< previous game]

Don Meals, an environmental scientist from Burlington, Vermont

Lois Petzold, an ombudsman from Anderson, South Carolina

Emily Jusino, a Ph.D. candidate in Greek literature originally from Fredericksburg, Virginia (whose 1-day cash winnings total $18,801)

[next game >>]

Jeopardy! Round responses

MOUNTAINS IN RANGE
CREATURE FEATURES
AT THE POD "IUM"
STOCK SYMBOLS
MIXING APPLES & ORANGES
THE TENTH INNING
(Alex: A tribute, a follow-up to Ken Burns's popular series on baseball, and the DVD will come out tomorrow.)
    $200 9
the Himalayas

Don
    $200 17
Snakes

Don
    $200 1
millennium

Emily
    $200 4
Delta

Don
    $200 16
William Tell

Don
    $200 26
it was corked

Emily
    $400 10
the Rockies

Emily
    $400 18
Gorillas

Emily
    $400 2
stadium

Emily
    $400 5
Procter & Gamble

Lois
    $400 22
Agent Orange

Emily
    $400 27
the Dominican Republic

Don
    $600 13
the Alps

Don
    $600 19
(Lois: What is D.A.?)
...
(Alex: Yes, shaggy [*]--CREATURE).

Dog

EmilyLois
    $600 3
an aquarium

Lois
    $600 6
Schwab

Lois
    $600 23
mistletoe

Don
    $600 28
Sotomayor

Lois
    $800 14
the Andes

Emily
    $800 20
Penguins

Emily
    $800 11
the cranium

Don
    $800 7
American Express

Lois
    $800 24
Tasmania

Lois
    $800 29
(Alex: Ohhh, he's a great player--[*].)

Ichiro Suzuki

Triple Stumper
    $1,000 15
the Appalachians

Emily
    $1000 21
Whales

Triple Stumper
    $1000 12
a sanitarium

Emily
    $1000 8
Liz Claiborne

Don
    $1000 25
(Emily: What is the Orange Stadium, [*]?)

the Orange Bowl Stadium

Emily
    $1000 30
the Milwaukee Brewers

Triple Stumper

Scores at the first commercial break (after clue 15):

Emily Lois Don
$3,800 $2,400 $2,800

Scores at the end of the Jeopardy! Round:

Emily Lois Don
$7,200 $3,200 $4,200

Double Jeopardy! Round responses

A PALACE IN HISTORY
FROM THE LATIN
BOOKS ABOUT PRESIDENTS
RIDING THE RAILS
MONKEY BUSINESS
COMPUTER MILESTONES
    $400 10
Hawaii Five-O

Emily
    $400 11
effigy

Emily
    $400 1
Lincoln

Lois
    $400 24
(Emily: What is Union Station?)
...
(Alex: Yes, Emily knows she misspoke.)

Grand Central Station

EmilyLois
    $400 15
China

Emily
    $400 4
the Palm Pilot

Don
    $800 18
Denmark

Lois
    $800 12
prejudice

Don
    $800 2
Theodore Roosevelt

Don
    $800 25
Chicago

Don
    $800 20
Brazil

Don
    $800 5
Intel

Don
    $1200 19
(Lois: Who is Pinochet?)

(Salvador) Allende

LoisDon
    $2,000 13
posterior

Don
    $2,500 3
(Don: Who is Bill Clinton?)

John Fitzgerald Kennedy

Don
    $1200 26
(Lois: What is the Siberian Express?)

Trans-Siberian Railway

EmilyLois
    $1200 21
a howler monkey

Don
    $1200 6
Commodore

Don
    $1600 27
(Emily: What is Kyoto?)
(Don: What is Ebo?)

Edo

EmilyDon
Triple Stumper
    $1600 16
redaction

Emily
    $1600 8
Richard Nixon

Triple Stumper
    $1600 29
(Emily: What is Ecuador?)

Bolivia

Emily
Triple Stumper
    $1600 22
Rhesus

Don
    $1600 7
Babelfish

Lois
    $2000 28
Greenwich

Lois
    $2000 17
astonished

Emily
    $2000 9
(Don: Who is FDR?)

Andrew Jackson

Don
Triple Stumper
    $2000 30
(Alex: [*]. Yes. Train à grande vitesse.)

France

Don
    $2000 23
baboons

Triple Stumper
    $2000 14
(Seymour) Cray

Don

Scores at the end of the Double Jeopardy! Round:

Emily Lois Don
$9,600 $6,000 $13,700

[wagering suggestions for these scores]

Final Jeopardy! Round responses

PRIMETIME TV
LoisWhat is Meet the Press?
$0
EmilyWhat is animal planet?
$9,001
DonWhat is The House
$5,501
COPS

Final scores:

Emily Lois Don
$599 $6,000 $8,199
3rd place: $1,000 2nd place: $2,000 New champion: $8,199

Game dynamics:

Coryat scores:

Emily Lois Don
$9,600 $6,000 $15,400
18 R
(including 1 DD),
3 W
11 R,
3 W
22 R
(including 1 DD),
3 W
(including 1 DD)

Combined Coryat: $31,000

The J! Archive is created by fans, for fans. The Jeopardy! game show and all elements thereof, including but not limited to copyright and trademark thereto, are the property of Jeopardy Productions, Inc. and are protected under law. This website is not affiliated with, sponsored by, or operated by Jeopardy Productions, Inc. Join the discussion at JBoard.tv.